LEADER 01356nam a2200301 i 4500 001 991001992949707536 008 130315s1875 fr 000 0 fre d 035 $ab14103758-39ule_inst 040 $aDip.to Matematica e Fisica - Sez. Matematica$beng 082 04$a516 084 $aAMS 51A05 084 $aAMS 51-01 084 $aAMS 51-03 084 $aLC QA21.C45 100 1 $aChasles, Michel$04400 245 10$aAperçu historique sur l'origine et le développement des méthodes en géométrie,$bparticulièrement de celles qui se rapportent a la géométrie moderne, suivi d'un mémoire de géométrie sur deux principes généraux de la science, la dualité et l'homographie /$cpar M. Chasles, membre de l'istitut 250 $a2. ed. conforme à la première 260 $aParis :$bGauthier-Villars,$c1875 300 $aii, 851 p. ;$c29 cm 500 $aEx Libris Mario Lombardo 650 0$aGeometry$xHistory 650 0$aGeometry, Projective 907 $a.b14103758$b02-04-14$c15-03-13 912 $a991001992949707536 945 $aLE013 Fondo Lombardo 51A CHA11 (1875)$g1$i2013000219882$lle013$og$pE15.00$q-$rn$so $t1$u0$v0$w0$x0$y.i15525983$z24-07-13 996 $aAperçu historique sur l'origine et le développement des méthodes en géométrie$9103607 997 $aUNISALENTO 998 $ale013$b15-03-13$cm$da $e-$ffre$gfr $h0$i0 LEADER 01498nam 2200421 450 001 9910698376503321 005 20221023203955.0 035 $a(CKB)3450000000002662 035 $a(NjHacI)993450000000002662 035 $a(OCoLC)173666337 035 $a(EXLCZ)993450000000002662 100 $a20221023d2007 uy 0 101 0 $aeng 135 $aur||||||||||| 181 $ctxt$2rdacontent 182 $cc$2rdamedia 183 $acr$2rdacarrier 200 00$aUpdating systematic reviews /$finvestigators, Kaveh G. Shojania [and six others] 210 1$aRockville, MD :$cAgency for Healthcare Research and Quality (US),$d[2007] 210 4$d©2007 215 $a1 online resource (71 pages) 225 1 $aTechnical review ;$vNumber 16 300 $aTitle from title screen (viewed on Oct. 4, 2007). 300 $a"September 2007." 320 $aIncludes bibliographical references. 410 0$aTechnical review (United States. Agency for Health Care Policy and Research) ;$vNumber 16. 606 $aSystematic reviews (Medical research)$zUnited States 615 0$aSystematic reviews (Medical research) 676 $a363.8072 702 $aShojania$b Kaveh G. 712 02$aUniversity of Ottawa Evidence-based Practice Center. 712 02$aUnited States.$bAgency for Healthcare Research and Quality. 801 0$bNjHacI 801 1$bNjHacl 906 $aBOOK 912 $a9910698376503321 996 $aUpdating systematic reviews$93143885 997 $aUNINA